Jeu : Anagrammes de duos mythiques - Statistiques

Statistiques générales
  • Ce quiz a été pris 25 fois
  • Le résultat moyen est 5 sur 50
Statistiques - réponses
Mots mélangés Duo % Correct
La Telle et Le Babé La Belle et La Bête
67%
Calots et Proulx Castor et Pollux
48%
York et Roux Rox et Rouky
48%
Acab et Bernardin Bernard et Bianca
43%
Troy et Jerm Tom et Jerry
43%
Zaten et Jaran Tarzan et Jane
29%
Bribe et Kane Barbie et Ken
19%
Lulle et Bobi Boule et Bill
19%
Hulouchou et Locou Chouchou et Loulou
19%
Puck et Quelkif Quick et Flupke
19%
Milton et Inuit Tintin et Milou
19%
Epic et Zug Zig et Puce
19%
Labbe et Essentiel Belle et Sébastien
14%
Timore et Jeulote Roméo et Juliette
14%
Sextile et Baroix Astérix et Obélix
10%
Beltrame et Mirko Blake et Mortimer
10%
Hallu et Curly Charly et Lulu
10%
Marli et Igiou Mario et Luigi
10%
Moulures et Murs Remus et Romulus
10%
Donut et Fit Tif et Tondu
10%
Hall et Sergente Hansel et Gretel
5%
Peluche et Rif Hercule et Pif
5%
Almadies et Ninja Jasmine et Aladin
5%
Mo et Violet Olive et Tom
5%
Aba et Milans Simba et Nala
5%
Ryutue et Landgrave Tanguy et Laverdure
5%
Thulie et Salome Thelma et Louise
5%
Manon et Tomat Tom-Tom et Nana
5%
Antitrust et Lyse Tristan et Yseult
5%
Honor et Pacoille Ariel et Polochon
0%
Belt et Scarabée Babar et Céleste
0%
Martin et Banbo Batman et Robin
0%
Addons et Lydia Daisy et Donald
0%
Babord et Chouae Dora et Babouche
0%
Chacall et Droyd Lady et Clochard
0%
Rallye et Huard Laurel et Hardy
0%
Popotes et Mondem Modeste et Pompon
0%
Tidiane et Faut Nadia et Titeuf
0%
Peuyer et Orchidée Orphée et Eurydice
0%
Pipotron et Agde Pongo et Perdita
0%
Trinity et Runnits Rusty et Rintintin
0%
Nahum et Slang Shang et Mulan
0%
Trucks et Thysam Starsky et Hutch
0%
Panota et Bimum Timon et Pumboa
0%
Tritons et Mitige Titi et Grosminet
0%
Nuisette et Brice Titus et Bérénice
0%
Syllepse et Enopeu Ulysse et Pénélope
0%
Adenine et Quivovas Véronique et Davina
0%
Cromwell et Taiga Wallace et Gromit
0%
Wanici et Drilles Wilde et Sinclair
0%
Aucun quiz correspondant
Distribution des résultats
% des personnes avec chaque résultat
Percentile par nombre de réponses
Votre historique - résultats
Vous n’avez pas pris ce quiz